000 01197nam a2200313 i 4500
003 EG-GICUC
005 20260427111407.0
008 260427s1921 fr fr|||| 000 0 fre d
040 _aEG-GiCUC
_bfre
_cEG-GiCUC
_dEG-GiCUC
_eRda
041 0 _afre
082 0 4 _221
_a343.3
_bGA . P
092 0 4 _221
099 _aLaw1 10 343.3 GA . P 1 ed - 1921
100 1 _a Garraud, R.
_eAuteur
245 1 0 _a Précis de droit criminel :
_b contenant l'explication élémentaire de la partie générale du code pénal du code d'instruction criminelle et des lois qui ont modifié ces deux codes /
_c par R. Garraud.
250 _a Treizième édition,
_brevue et corrigée.
264 _a Paris :
_b Librairie de la Société du Recueil Sirey,
_c1921.
300 _a1116 page :
_billustration ;
_c 24 cm.
336 _2rda contenu
_a texte
337 _2rda medias
_aOrdinateur
338 _2 transporteur rda
_a Ressource en ligne
504 _aComprend des références bibliographiques.
546 _aTexte en français
650 1 4 _aDroit pénal.
_2qrmak
651 1 _2qrmak
856 4 0 _uhttps://fll.law.cu.edu.eg/fulltext/bks/B10-11995.pdf
905 _a171
942 _2ddc
_cBK
_e21
_n0
999 _c73636
_d73636